00618cam a22001812 4500001001100000005001700011008004100028020002700069040001500096100003300111245007900144250001200223260003100235300001900266650004500285650007200330700003400402000000924520151217145848.0080915s xx 000 0 eng d a0199212316 :cKES 6170 aKABUcKABU1 aAbbey, Robert M.@000016037712aA Practical approach to conveyancing /cRobert M. Abbey, Mark B. Richards. a9th ed. aOxford :bO. U. P.,c2007. axxxvi, 704 p. 0aConveyancingzGreat Britain.@0000160378 0aLand titlesxRegistrations and transferzGreat Britain.@00001603791 aRichards, Mark B.@0000160380